Quran & women's liberation / (Record no. 56832)

MARC details
000 -LEADER
fixed length control field 00809nam a22002537a 4500
005 - DATE AND TIME OF LATEST TRANSACTION
control field 20110922104513.0
008 - FIXED-LENGTH DATA ELEMENTS--GENERAL INFORMATION
fixed length control field 110922t xxu||||| |||| 00| 0 eng d
010 ## - LCCN (DPL NO)
LC control number ENG-103745
020 ## - INTERNATIONAL STANDARD BOOK NUMBER
Terms of availability 30.00
International Standard Book Number 9788189524678
035 ## - SYSTEM CONTROL NUMBER
System control number EN-87278
037 ## - SOURCE OF ACQUISITION
Source of stock number/acquisition DBAD/PUB
040 ## - CATALOGING SOURCE
Original cataloging agency DPL
Language of cataloging Eng
082 ## - DEWEY DECIMAL CLASSIFICATION NUMBER
Classification number 270
100 ## - MAIN ENTRY--PERSONAL NAME
9 (RLIN) 34730
Personal name Barlas, Asma
245 ## - TITLE STATEMENT
Title Quran & women's liberation /
Statement of responsibility, etc by Asma Barlas
260 ## - PUBLICATION, DISTRIBUTION, ETC. (IMPRINT)
Place of publication, distribution, etc New Delhi
Name of publisher, distributor, etc Critical Quest
Date of publication, distribution, etc 2011
270 ## - ADDRESS
Address 420, G-Block, Phase VI, Aya Nagar
City New Delhi
Postal code 110047
300 ## - PHYSICAL DESCRIPTION
Extent 39p.
Dimensions 22cm (pbk)
500 ## - GENERAL NOTE
General note Includes bibliographical references
650 ## - SUBJECT ADDED ENTRY--TOPICAL TERM
9 (RLIN) 34754
700 ## - ADDED ENTRY--PERSONAL NAME
9 (RLIN) 34731
942 ## - ADDED ENTRY ELEMENTS (KOHA)
Source of classification or shelving scheme Dewey Decimal Classification
Item type English Books
Call number suffix BAR
Classification part 270
Holdings
Withdrawn status Lost status Source of classification or shelving scheme Damaged status Not for loan Collection code Home library Current library Date acquired Source of acquisition Cost, normal purchase price Total Checkouts Full call number Barcode Date last seen Copy number Cost, replacement price Koha item type
    Dewey Decimal Classification   Not For Loan Non-fiction D.B.Act.Division D.B.Act.Division 22/09/2011 DBAD/PUB 30.00   270 BAR EN-87278 22/09/2011 1 30.00 English Books

© Delhi Public Library
Hit Counter
free hit counter